• 首页
  • 本馆介绍
  • 公告通知
  • 最新文献
  • 馆藏检索
  • 电子资源
  • 读者荐购
  • 参考咨询
  • CALIS
  • 我的图书馆
  • 登录
  • 详细信息显示
  • 放入我的书架
  • 预约/预借图书
  • 作者相关作品
  • 分类相关作品
  • 丛书相关作品
  • 出版社相关作品

书目信息

  • 表格格式
  • 工作单格式
  • 卡片格式
题名:
汉字精气神
    
 
作者: 张一清 著
分册:  
出版信息: 上海   上海人民出版社  2021.08
页数: 300页
开本: 21cm
丛书名:
单 册:
中图分类: H12
科图分类:
主题词: 汉字--han zi--研究
电子资源:
ISBN: 978-7-208-17190-9
 
 
 
 
 
000 00858nam0 2200253 450
001 0100029055
005 20211025120205.0
010    @a978-7-208-17190-9@dCNY59.00
100    @a20210926d2021 em y0chiy50 ea
101 0  @achi
102    @aCN@b310000
105    @aa z 000yy
106    @ar
200 1  @a汉字精气神@Ahan zi jing qi shen@f张一清著
210    @a上海@c上海人民出版社@d2021.08
215    @a300页@c图@d21cm
300    @a文景
314    @a张一清, 教育部语言文字应用研究所研究员, 中国社会科学院研究生院教授。
330    @a本书从与中国价值观念有关的字词切入, 从汉字的起源来阐述古人造字的哲学思辨, 连通古今, 立足当代, 深入挖掘中华优秀传统文化蕴含的思想观念、人文精神、道德规范。
606 0  @a汉字@Ahan zi@x研究
690    @aH12@v5
701  0 @a张一清@Azhang yi qing@4著
801  0 @aCN@c20210909
905    @a河南城建学院图书馆@dH12@eZ225
    
    汉字精气神/张一清著.-上海:上海人民出版社,2021.08
    300页:图;21cm
    文景
    
    ISBN 978-7-208-17190-9:CNY59.00
    本书从与中国价值观念有关的字词切入, 从汉字的起源来阐述古人造字的哲学思辨, 连通古今, 立足当代, 深入挖掘中华优秀传统文化蕴含的思想观念、人文精神、道德规范。
●
相关链接 在E读中查询图书 在当当中查询图书 在豆瓣中查询图书


正题名:汉字精气神     索取号:H12/Z225         预约/预借

序号 登录号 条形码 馆藏地/架位号 状态 备注
1 1547572   215475723   语言库209/209语言库 71排1列3层/ [索取号:H12/Z225] 在馆    
2 1547573   215475732   社科二线400B/209语言库 71排1列3层/ [索取号:H12/Z225] 在馆    
河南城建学院图书馆 欢迎您!
大连网信软件有限公司© 版权所有